000
00299nam a22001337a 4500
008
180222b xxu||||| |||| 00| 0 eng d
020
_a
1890114650
041
_a
eng
080
_a
616.12
100
_a
12
101
_a
KAR
245
_a
Dyslipidemia Essentials
_c
Ballantyne, CH.M
942
_2
udc
_c
BK
999
_c
43103
_d
43103